000 01790nam a2200277 a 4500
001 78102
003 BD-RjUL
005 20211209083105.0
008 210321s2014 bg a|||| m||| 00| 0 ben d
035 _a(BD-RjUL)78328
040 _aBD-RjUL
_bben /eng
_cBD-RjUL
_dBD-RjUL
041 _aben
082 _a891.44109
_bSAM 2014
_223
100 _aসরওয়ার, সরদার মো. গোলাম
_9246307
245 1 0 _aমোহাম্মদ মনিরুজ্জামান-এর কবিতা :
_bবিষয় ও শিল্পরূপ /
_cসরদার মো. গোলাম সরওয়ার ;
_6গবেষণা তত্ত্বাবধায়ক : অমৃতলাল বালা
260 _aরাজশাহী :
_bবাংলা বিভাগ, রাজশাহী বিশ্ববিদ্যালয়,
_c২০১৪
300 _avii, ৩৬৮ পাতা :
_bচিত্র ;
_c২৯ সেমি.
502 _aথিসিস (এম.ফিল.) -- বাংলা বিভাগ, রাজশাহী বিশ্ববিদ্যালয়, ২০১৪
504 _aগ্রন্থপঞ্জী : পাতা ৩২০-৩৪৩
600 _aমনিরুজ্জামান, মোহাম্মদ,
_d--১৯৩৬ - ২০০৮
_xসমালোচনা ও ব্যাখ্যা
_9246386
600 _aMoniruzzaman, Mohammad,
_d--1936 - 2008
_xCriticism and Interpretation
_935664
650 _aবাংলা কবিতা
_xইতিহাস ও সমালোচনা
_9246310
650 _aBengali Poetry
_xHistory & Criticism
_9246311
700 _aবালা, অমৃতলাল, গবেষণা তত্ত্বাবধায়ক
_9246312
942 _2ddc
_cTHE
999 _c78102
_d78102